000 00303nam a2200121Ia 4500
008 220204s9999 xx 000 0 und d
082 _a025.3
_bSEN
100 _aSengupta, Benoyendra
245 0 _aCataloguing: Its theory and practice
250 _aEd.3
260 _aCalcutta
_bWorld
_c1974
942 _cBK
999 _c32184
_d32184